Great Khans of the Mongol Empire - Statistics

General Stats
  • This quiz has been taken 212 times
  • The average score is 4 of 15
Answer Stats
Answer % Correct
Genghis
100%
Kublai
89%
Ögedei
56%
Möngke
50%
Güyük
25%
Temür
20%
Toghon Temür
6%
Buyantu
2%
Jayaatu
2%
Rinchinbal
2%
Gegeen
1%
Khutughtu
1%
Külüg
1%
Ragibagh
1%
Yesün Temür
1%
No matching quizzes found
Score Distribution
Percent of People with Each Score
Percentile by Number Answered
Your Score History
You have not taken this quiz